000 01431nam a2200301 a 4500
001 000521244
003 AM-YEHGA
005 20250618072819.0
008 070216|2006 ai a||||r|||||||||0|arm|d
020 _a9993060690
040 _aAM-YeHGA
041 0 _aarm
100 1 _aՓանիկյան, Օնիկ Ստեփանի,
_d1905-1975
_92838
245 1 0 _aԼուսաբանութիւն :
_b(Ինքնակենսագրական նօթեր) /
_cՕ.Ս. Փանիկեան ; Խմբ.՝ Հ. Բախչինեան ; Առաջաբ.՝ Վ. Վաղարշակեան, Ա. Ահարոնեան ; Ե. Չարենցի անվ. ԳԱԹ.
260 _aԵրևան :
_bԳԱԹ հրատ.,
_c2006.
300 _a177 էջ :
_bլուսանկ. ;
_c20 սմ.
525 _aՀավելված, էջ՝ 129-177
650 1 4 _aՀայ գրողների կյանքն ու գործունեությունը
_94515
650 1 4 _aՀայ գրականություն
_xՊոեզիա
650 1 4 _aՀայ գրականություն
_xՆոթեր
700 1 _aԲախչինյան, Հենրիկ Գրիգորի,
_d1948-
_eխմբ.
_4edt
_92717
700 1 _aՎաղարշակեան, Վաղանուշ
_eառաջաբ.
_4aui
700 1 _aԱհարոնեան, Արուս
_eառաջաբ.
_4aui
710 2 _aԵղիշե Չարենցի անվան գրականության և արվեստի թանգարան
740 0 _aՆալբանդեանի ոգին: [Պոեմ]
942 0 0 _2udc
_cBK
090 _c195399
999 _c193925
_d193925